World Leaders - Middle East - Statistics

General Stats
  • This quiz has been taken 228 times
  • The average score is 19 of 44
Answer Stats
Picture Answer % Correct
Bashar al-Assad
88%
Saddam Hussein
86%
Hafez al-Assad
83%
Ruhollah Khomeini
83%
Yasser Arafat
75%
Benjamin Netanyahu
72%
Gamal Abdel Nasser
72%
Recep Tayyip Erdogan
67%
Mustafa Kemal Atatürk
63%
Abdel Fattah el-Sisi
61%
Anwar Sadat
60%
Hosni Mubarak
60%
Golda Meir
58%
Hussein I.
57%
Ali Khamenei
52%
David Ben-Gurion
50%
Abdullah Abdullah
49%
Abdullah I.
49%
Abdullah II.
49%
Mohamed Morsi
45%
Yitzhak Rabin
43%
Mohammad Reza Pahlavi
41%
Mahmoud Abbas
40%
Salman I.
40%
Faisal I.
39%
Reza Shah Pahlavi
39%
Menachem Begin
33%
Hamid Karzai
30%
Ariel Sharon
28%
Ibn Saud I.
28%
Fahd I.
24%
Moshe Dayan
24%
Yitzhak Shamir
24%
Ashraf Ghani
22%
Muhammad Naguib
21%
Abdullah Gül
20%
Abdullah al-Aziz
17%
Mustafa İsmet İnönü
17%
Faisal al-Aziz
16%
Chaim Weizmann
15%
Khalid al-Aziz
15%
Levi Eshkol
15%
Fuad Masum
12%
Abd al-Qadir
11%
No matching quizzes found
Score Distribution
Percent of People with Each Score
Percentile by Number Answered
Your Score History
You have not taken this quiz